000 00904nam a22003377a 4500
001 BR0503591
003 BR-BrBNA
005 20230928101955.0
007 ta
008 230509b bl.||||| |||| 00| 0 por d
040 _aBR-BrBNA
_bpor
_cBiblioteca Nacional de Agricultura
041 _a(Por)
072 _aE70; E71; E21
090 _ E70 BR0503591
100 1 _aNeves, M.F.
100 1 _aChaddad, F.R.
100 1 _aLazzarini, S.G.
245 1 _aAlimentos: novos tempos e conceitos na gestão de negócios
260 3 _aSão Paulo, SP (Brasil):
_c2000.
300 _a129 p.
500 _a6 tables; 10 illus.
650 _aALIMENTO
650 _aAGRONEGÓCIO
650 _aMERCADO NACIONAL
650 _aMERCADO INTERNACIONAL
650 _aIMPOSTO ALFANDEGÁRIO
650 _aINSUMO
650 _aINDÚSTRIA ALIMENTÍCIA
909 _a202309
_bLucia
_c55
_dLucia Elande
942 _cBK
999 _c68501
_d68501